Missing Word: Wii U Games (A-Z) Quiz Stats

 Plays Quiz Updated Dec 3, 2017

Challenge
Share
Tweet
Embed
Score 0/26 Timer 03:00
1 Play Today
Hint Missing Word % Correct
Resident _____: RevelationsEvil
88.9%
Call of _____: GhostsDuty
88.9%
Mario & Sonic at the Rio 2016 _____ GamesOlympic
85.6%
_____: Arkham City - Armored EditionBatman
82.1%
_____ Dance Wii UJust
80.7%
Phineas and Ferb: _____ for Cool StuffQuest
58.9%
New Super _____ ULuigi
57.1%
Lego _____ UndercoverCity
49.8%
The Legend of Zelda: Twilight _____ HDPrincess
47.8%
Star Fox _____Zero
43.1%
Monster _____ 3 UltimateHunter
42.7%
The Lego Movie _____Videogame
42.4%
_____ and the Rainbow CurseKirby
41.6%
Hint Missing Word % Correct
Hyrule _____Warriors
38.3%
Mario Tennis: _____ SmashUltra
38%
_____ & WarioGame
36.9%
_____ Shape: Fitness Evolved 2013Your
34.7%
_____ Chronicles XXenoblade
34.4%
_____: Gods Among UsInjustice
33.4%
Donkey Kong Country: Tropical _____Freeze
33.3%
Captain _____: Treasure TrackerToad
33%
Super Mario _____Maker
32.9%
_____ LandNintendo
32.4%
Paper Mario: Color _____Splash
29%
NES _____Remix
25.6%
Animal Crossing: _____ Festivalamiibo
25.6%

Today's Daily Dose

You're not logged in!

Compare scores with friends on all Sporcle quizzes.
Join for Free
OR
Log In

You Might Also Like...

Show Comments

Extras

Top Quizzes Today


Score Distribution

Your Account Isn't Verified!

In order to create a playlist on Sporcle, you need to verify the email address you used during registration. Go to your Sporcle Settings to finish the process.

Report this User

Report this user for behavior that violates our Community Guidelines.

Details: